000 00388nam a2200157Ia 4500
008 230917s9999||||xx |||||||||||||| ||und||
020 _cPOU5
040 _e5527
_aMAIN
041 _aEnglish
082 _a574.1921 F441P
100 _aFiabane, Anna M
245 0 _aPrinciples of bio-inorganic chemistry
260 _aLondon
_bChemical Society
_c1977
300 _a114 p.
942 _cBK
999 _c227968
_d227968